[Event "SVK-ch Amateurs"]
[Site "Radava"]
[Date "2022.11.15"]
[Round "4"]
[White "Bracha, Pavel"]
[Black "Simkovic, Eduard"]
[Result "0-1"]
[WhiteElo "1804"]
[BlackElo "1882"]
[PlyCount "86"]
[EventDate "2022.11.14"]
[EventType "swiss"]
[EventRounds "8"]
[EventCountry "SVK"]
[SourceTitle "CBM 211 Extra"]
[Source "ChessBase"]
[SourceDate "2023.01.31"]
[SourceVersion "1"]
[SourceVersionDate "2023.01.31"]
[SourceQuality "1"]

1. e4 e5 2. Nf3 Nc6 3. d4 exd4 4. Nxd4 Bc5 5. Be3 Bb6 6. Bc4 Qf6 7. c3 d6 8. 0-0 Nge7 9. Nb5 a6 10. Nxd6+ cxd6 11. Bxb6 Be6 12. Na3 Rc8 13. Qxd6 0-0 14. Bxe6 fxe6 15. f4 Qf7 16. Rf2 Qg6 17. f5 exf5 18. Qxg6 hxg6 19. exf5 gxf5 20. Rd1 Ne5 21. Re2 N7c6 22. Rd5 Rfe8 23. Kf1 Kf7 24. b3 g6 25. h3 Re6 26. Bd4 Nxd4 27. cxd4 Rc1+ 28. Re1 Rxe1+ 29. Kxe1 Nd3+ 30. Kd2 Nf4 31. Nc4 Nxd5 32. g3 Kf6 33. a3 g5 34. Kd3 b5 35. Ne5 Kg7 36. g4 fxg4 37. hxg4 Nf4+ 38. Ke4 Kf6 39. a4 b4 40. a5 Ng6 41. Kd5 Nxe5 42. dxe5+ Rxe5+ 43. Kc6 Rb5 0-1

[Event "Tatry op"]
[Site "Tatranske Zruby"]
[Date "2018.10.01"]
[Round "2"]
[White "Demeter, Peter"]
[Black "Bracha, Pavel"]
[Result "1-0"]
[WhiteElo "2156"]
[BlackElo "1837"]
[PlyCount "107"]
[EventDate "2018.09.30"]
[EventType "swiss"]
[EventRounds "9"]
[EventCountry "SVK"]
[SourceTitle "CBM 186 Extra"]
[Source "ChessBase"]
[SourceDate "2018.08.24"]
[SourceVersion "1"]
[SourceVersionDate "2018.08.24"]
[SourceQuality "1"]

1. Nf3 Nf6 2. g3 Nc6 3. Bg2 e5 4. d3 d5 5. 0-0 h6 6. c4 dxc4 7. Qa4 Bd7 8. Qxc4 Bd6 9. Nc3 a6 10. Bd2 Rb8 11. Rfc1 g5 12. Ne4 Nxe4 13. dxe4 Be6 14. Qd3 Qe7 15. Be3 Rd8 16. Qb1 Rf8 17. b4 f5 18. exf5 Bxf5 19. Qb3 e4 20. Nd4 Nxd4 21. Bxd4 Bxg3 22. hxg3 Rxd4 23. a3 c6 24. Qe3 Rd7 25. Rc4 Kd8 26. Bxe4 Bxe4 27. Rxe4 Qd6 28. Re6 Qd4 29. Qxd4 Rxd4 30. Rxh6 Rd2 31. Re6 Re8 32. Rxe8+ Kxe8 33. Kf1 g4 34. f3 gxf3 35. exf3 Kf7 36. g4 Kf6 37. Ke1 Rh2 38. Rd1 Ke5 39. Rd7 Kf4 40. Rf7+ Ke3 41. Kf1 b6 42. g5 Rh5 43. f4 Rh2 44. Kg1 Rd2 45. g6 Kf3 46. g7 Rg2+ 47. Kf1 c5 48. bxc5 bxc5 49. f5 c4 50. Rc7 Rf2+ 51. Ke1 Rg2 52. f6 Ke3 53. Re7+ Kf3 54. f7 1-0

[Event "Pobeskydy op"]
[Site "Frydek Mistek"]
[Date "2008.03.20"]
[Round "1"]
[White "Bracha, Pavel"]
[Black "Jacko, Vladimir"]
[Result "1/2-1/2"]
[WhiteElo "1847"]
[BlackElo "2167"]
[PlyCount "117"]
[EventDate "2008.03.20"]
[EventType "swiss"]
[EventRounds "9"]
[EventCountry "CZE"]
[SourceTitle "EXT 2010"]
[Source "ChessBase"]
[SourceDate "2010.11.25"]
[SourceVersion "1"]
[SourceVersionDate "2010.11.25"]
[SourceQuality "1"]

1. e4 c5 2. Nf3 Nc6 3. Bc4 g6 4. 0-0 Bg7 5. c3 d6 6. d3 Nf6 7. Bg5 h6 8. Be3 Ng4 9. Bd2 0-0 10. h3 Nge5 11. Na3 a6 12. Nxe5 Nxe5 13. Be3 Nxc4 14. Nxc4 b5 15. Nd2 Bb7 16. f4 e6 17. Qg4 Kh7 18. f5 Bc8 19. fxg6+ fxg6 20. Rxf8 Qxf8 21. Rf1 Qe8 22. Qg3 e5 23. Nf3 Be6 24. Qh4 Qd8 25. Qxd8 Rxd8 26. a3 a5 27. Nd2 a4 28. d4 cxd4 29. cxd4 d5 30. Nf3 exd4 31. Nxd4 Bxd4 32. Bxd4 dxe4 33. Bc3 Bc4 34. Rf4 e3 35. Re4 Rd1+ 36. Kh2 Re1 37. Kg3 Rf1 38. h4 Kg8 39. Re7 h5 40. Re5 Kf7 41. Rxe3 Rd1 42. Re5 Rc1 43. Kf2 Rc2+ 44. Ke1 b4 45. Bxb4 Rxb2 46. Re7+ Kf6 47. Bc3+ Kxe7 48. Bxb2 Ke6 49. g3 Kf5 50. Bc3 g5 51. hxg5 Kxg5 52. Be5 Kg4 53. Bc7 Kf3 54. Bb8 Ke3 55. Bf4+ Kd3 56. Bd6 Be6 57. Bf4 Bg4 58. Bd6 Ke4 59. Bb4 1/2-1/2